000 00707nam a2200205Ii 4500
003 JO-AjNU
008 230605s9999||||xx |||||||||||||| ||und||
040 _aJO-AjNU
_bara
_erda
_cJO-AjNU
041 _aara
050 1 4 _aBJ45.K426.1973
100 3 _aخالد، خالد محمد,
_eauthor
_936672
245 0 0 _aالوصايا العشر لمن يريد أن يحيا
250 _aط4
264 3 1 _aالقاهرة-بيروت:دار الاسلام للطبع والنشر والتوزيع،دار الكتاب العربي،1973
300 _a290ص
336 _atext
_btxt
_2rdacontent
337 _aunmediated
_bn
_2rdamedia
338 _avolume
_bnc
_2rdacarrier
650 4 _aالاخلاق
_936673
999 _aA15257
_c18825
_d18825